000 00575nam a2200217Ia 4500
003 OSt
005 20221005131807.0
006 a|||||r|||| 00| 0
007 ta
008 221004b |||||||| |||| 00| 0 mal d
024 _a51213
037 _cTextual
040 _aCRL
_cCRL
_bmal
041 _2mal
_amal
082 _aO32,3N15,1, 31M6
100 _aSourirajan R
_9633186
245 0 _aSundarikalum sundaranmarkalum
650 _aMALAYALAM LITERATURE
_938866
942 _hO32,3N15,1, 31M6
_cTEXL
_2cc
999 _c1061420
_d1061420